[Event "HON-ch qual1"]
[Site "San Pedro Sula"]
[Date "2019.11.21"]
[Round "7"]
[White "Bonilla, Jonathan"]
[Black "Rodriguez Nunez, Carlos Roberto"]
[Result "1-0"]
[WhiteElo "1661"]
[BlackElo "1780"]
[PlyCount "39"]
[EventDate "2019.11.18"]
[EventType "swiss"]
[EventRounds "7"]
[EventCountry "HON"]
[SourceTitle "EXT 2021"]
[Source "ChessBase"]
[SourceDate "2020.10.23"]
[SourceVersion "1"]
[SourceVersionDate "2020.10.23"]
[SourceQuality "1"]

1. d4 Nf6 2. Bf4 e6 3. Nf3 Nc6 4. e3 d5 5. Nc3 a6 6. a3 h6 7. Bd3 Bd6 8. Bg3 Nh5 9. Bxd6 Qxd6 10. Nh4 Nf6 11. Nf3 Nd7 12. Qd2 e5 13. dxe5 Ndxe5 14. Nxe5 Nxe5 15. 0-0-0 Nxd3+ 16. Qxd3 c6 17. e4 Be6 18. exd5 cxd5 19. Nxd5 0-0 20. Nf6+ 1-0

[Event "HON-ch qual1"]
[Site "San Pedro Sula"]
[Date "2019.11.19"]
[Round "4"]
[White "Garcia, Ignacio"]
[Black "Rodriguez Nunez, Carlos Roberto"]
[Result "1-0"]
[WhiteElo "1967"]
[BlackElo "1780"]
[PlyCount "103"]
[EventDate "2019.11.18"]
[EventType "swiss"]
[EventRounds "7"]
[EventCountry "HON"]
[SourceTitle "EXT 2021"]
[Source "ChessBase"]
[SourceDate "2020.10.23"]
[SourceVersion "1"]
[SourceVersionDate "2020.10.23"]
[SourceQuality "1"]

1. e4 e5 2. Nf3 Nc6 3. Bb5 a6 4. Ba4 Nf6 5. 0-0 d6 6. Re1 Bd7 7. c3 b5 8. Bb3 Na5 9. Bc2 c5 10. d4 Qc7 11. Nbd2 Bg4 12. d5 Be7 13. h3 Bh5 14. Nf1 h6 15. Ng3 Bg6 16. Nh4 Bh7 17. Nhf5 Bf8 18. Qf3 Bg6 19. Nxh6 Nxd5 20. Nhf5 Nf6 21. Bg5 Nh5 22. Rad1 Nxg3 23. Nxg3 f6 24. Bc1 Qf7 25. b3 Bh5 26. Nxh5 Qxh5 27. Qd3 Qf7 28. Qg3 Nc6 29. f4 exf4 30. Bxf4 Ne5 31. Bxe5 fxe5 32. Rf1 Qe6 33. Rd5 Rh6 34. Bd1 Rf6 35. Bh5+ Ke7 36. Qg5 Kd8 37. Rfd1 Kc7 38. b4 c4 39. a4 Rb8 40. axb5 axb5 41. Ra1 Rb7 42. Ra5 Qd7 43. Qe3 Be7 44. Ra8 Rf8 45. Ra7 Kb8 46. Ra6 Rf6 47. Bg4 Qe8 48. Rd1 Rf8 49. Rda1 Qf7 50. Ra7 Bd8 51. Ra8+ Kc7 52. Rc8# 1-0